000 00872nam a2200265Ia 4500
001 9723
003 GE_BSU
008 181216s||||||||xx |||||||||||||| ||und||
010 _a9994003127
040 _cGE_BSU
080 _a821.353.1-82
100 _aნუნუა,რატი
245 _aავფრინდებით მე და შენ
245 _bკრებული
245 _cშემდგ:ზურაბ ნინუა;რედ:გიორგი გორთამაშვილი;თამარ ინჯია.
260 _aთბილისი.
260 _bშპს ცაიტნოტი
260 _c2005.
300 _a216გვ;20სმ
300 _bფოტო
541 _h5ლ.
653 _aავფრინდებით მე და შენ
653 _aკრებული
942 _cBK
999 _c43005
_d43005